Personnages historiques par lettre - C - Statistiques

Statistiques générales
  • Ce quiz a été pris 429 fois
  • Le résultat moyen est 17 sur 30
Statistiques - réponses
INDICE RÉPONSE % Correct
Reine d'Égypte qui avait du nez (69-30 avant J.-C.) Cléopâtre VII
100%
Général et politicien romain, amant de cette dernière... (100-44 avant J.-C.) Jules César
97%
Empereur des Francs qui a réformé l'école mais qui ne l'a pas inventé (742-814) Charlemagne
92%
Roi des Francs, grand amateur de vases (466-511) Clovis
89%
Prix Nobel de chimie franco-polonais (1867-1934) Marie Skłodowska-Curie
88%
Explorateur génois qui chercha un passage vers les Indes (1451-1506) Christophe Colomb
87%
Créatrice d'Hercule Poirot (1890-1976) Agatha Christie
78%
Révolutionnaire cubain (1926-2016) Fidel Castro
76%
Le Dictateur des Temps modernes (1889-1977) Charlie Chaplin
68%
Premier premier ministre d'Elisabeth II (1874-1965) Winston Churchill
65%
Impératrice de Russie qui destitua son mari (1729-1796) Catherine II
63%
Pianiste polonais et compositeur des Nocturnes (1810-1849) Frédéric Chopin
61%
Auteur de la théorie de l'héliocentrisme (1473-1543) Nicolas Copernic
60%
Homme politique français surnommé "Le Tigre" (1841-1929) Georges Clémenceau
59%
Érudit français qui déchiffra les hiéroglyphes (1790-1832) Jean-François Champollion
58%
Roi de Lydie connu pour sa richesse (596-546 avant J.-C.) Crésus
55%
Duc de Bourgogne téméraire (1433-1477) Charles de Bourgogne
45%
Empereur romain converti au christianisme et s'installa à Byzance (272-337) Constantin Ier
45%
Homme d'état romain, grand orateur (106-43 avant J.-C.) Cicéron
43%
Conquistador espagnol, vainqueur des Aztèques (1485-1547) Hernán Cortés
43%
Théologien de la Réforme (1509-1564) Jean Calvin
43%
Reine de France amatrice de prunes (1499-1524) Claude de France
40%
Contrôleur général des finances et auteur du Code Noir (1619-1683) Jean-Baptiste Colbert
40%
Président américain figurant sur la photo de la poignée de main d'Oslo (1946-) Bill Clinton
39%
Explorateur britannique de l'Océanie (1728-1779) James Cook
39%
Assassin de Marat (1768-1793) Charlotte Corday
38%
Peintre français ayant énormément peint la montagne Sainte-Victoire (1839-1906) Paul Cézanne
34%
Président français assassiné (1837-1894) Sadi Carnot
32%
Auteur français, fondateur de la littérature arthurienne (1130-1180) Chrétien de Troyes
21%
Général napoléonien dont la garde meurt mais ne se rend pas (1770-1842) Pierre Cambronne
19%
Aucun quiz correspondant
Distribution des résultats
% des personnes avec chaque résultat
Percentile par nombre de réponses
Votre historique - résultats
Vous n’avez pas pris ce quiz